Eurovision Song Contest: Countries that have never finished in top5 - Statistics

General Stats
  • This quiz has been taken 935 times
    589 since last reset
  • The average score is 9 of 11
Answer Stats
Hint Answer % Correct
8 Slovakia
90%
6 San Marino
88%
5 Andorra
85%
13 Slovenia
85%
11 Montenegro
84%
3 Lithuania
81%
10 Morocco
81%
2 Belarus
80%
1 Georgia
79%
7 Czech Republic
63%
12 North Macedonia
52%
No matching quizzes found
Score Distribution
Percent of People with Each Score
Percentile by Number Answered
Your Score History
You have not taken this quiz since the last reset